History Quiz

Random History Quiz
Score 0/10 Timer 05:00
0 Plays Today
Year Event % Correct
1969Man walks on moon
81.2%
2001September 11th
64.9%
1989Fall of the Berlin Wall
56%
1997Funeral of Princess Diana
28.8%
1963Assassination of John F. Kennedy
22%
1985Live Aid
18.3%
2009Barack Obama's election and inauguration
6.3%
1978Archie Gemmill's World Cup goal against Holland
6.3%
1990Release of Nelson Mandela
3.1%
1981Marriage of Prince Charles and Lady Diana
1%

You're not logged in!

Compare scores with friends on all Sporcle quizzes.
OR
Log In

Sporcle TV

Today on Sporcle TV


Watch our educational content, quiz creation guides, and fun videos on Sporcle TV.

Show Comments

Extras

Created Oct 4, 2009SourceReportNominate
Tags:event, iconic, scotland

Top Quizzes Today


Score Distribution

Paid Content

Your Account Isn't Verified!

In order to create a playlist on Sporcle, you need to verify the email address you used during registration. Go to your Sporcle Settings to finish the process.

Report this User

Report this user for behavior that violates our Community Guidelines.

Details: